000 00583nam a2200193Ia 4500
003 GCL
008 140319s9999 xx 000 0 ara d
040 _aGCL /
_cGCL
082 0 4 _aط
_b212
_bر ا
100 1 _aرزق السيد هيبه
245 1 0 _aايات وقصه /
_cرزق السيد هيبه
260 _a[S.N] :
_bدار الفكر العربى
300 _a20 ص
490 _aاطفال فى رحاب القرأن الكريم
_v0
650 0 4 _aالاخلاق الاسلامية
650 0 4 _aالاطفال
650 0 4 _aقصص الاطفال
942 _2ddc
_cBK
999 _c56476
_d56476